000 00837nam a22002297a 4500
999 _c16364
_d16364
003 AR-CdUCM
008 190503b ||||| |||| 00| 0 spa d
040 _aMUNICIPALIDAD PROVINCIAL DEL CUSCO
_cBIBLIOTECA MUNICIPAL DEL CUSCO
041 _heng
082 _23ed.
_a338.9 /
_bL54
100 _aLewis, W. Arthur
_935765
245 _aTeoría del desarrollo económico /
260 _aMéxico :
_bFondo de Cultura Económica,
_c1971.
300 _a499 páginas ;
_c21 cm.
505 _aContenido: La voluntad de economizar -- Instituciones económicas -- El conocimiento -- El capital -- Población y recurso -- El gobierno.
650 _aDesarrollo económico
_91696
650 _aEconomía
_9382
650 _aTeoría
_95077
700 _aStavenhagen, Rodolfo (traductor)
_935766
942 _2ddc
_cLIBROS
945 _aacv
_d2019-05-03